| 000 | 00569nam a22001817a 4500 | ||
|---|---|---|---|
| 005 | 20160111104426.0 | ||
| 010 | _aENG-114386 | ||
| 020 |
_a9788179981313 _c295.00 |
||
| 035 | _aEN-97918 | ||
| 037 | _bDBAD/PUB | ||
| 082 | _a658.8 | ||
| 100 | _aSudha, G.S. | ||
| 245 |
_aMarketing management : _cby G.S. Sudha _btext, cases, problems and hints as per the syllabus of BBA course of Rajasthan / |
||
| 260 |
_aJaipur _bMalik _c2013 |
||
| 270 |
_a337,Chaura Rasta _bJaipur _e302003 |
||
| 300 |
_axviii,413p. _c24cm(pbk) |
||
| 942 |
_2ddc _cEN _mSUD _h658.8 |
||
| 999 |
_c97925 _d97925 |
||